Asia & Spanish America (Record no. 5509)

MARC details
000 -CABECERA
campo de control de longitud fija 01118nam a2200253 a 4500
001 - NÚMERO DE CONTROL
campo de control BRCA_5820
005 - FECHA Y HORA DE LA ÚLTIMA TRANSACCIÓN
campo de control 20190321142920.0
008 - DATOS DE LONGITUD FIJA--INFORMACIÓN GENERAL
campo de control de longitud fija 100311s2009----u--a######---#000-0#eng-#
020 ## - NÚMERO INTERNACIONAL ESTÁNDAR DEL LIBRO
Número Internacional Estándar del Libro 9780806199723
041 ## - CÓDIGO DE LENGUA
Código de lengua del texto/banda sonora o título independiente eng
044 ## - CÓDIGO DEL PAÍS DE LA ENTIDAD EDITORA/PRODUCTORA
Código MARC del país u
050 #4 - SIGNATURA TOPOGRÁFICA DE LA BIBLIOTECA DEL CONGRESO
Número de documento/Ítem .A85 2009
245 10 - MENCIÓN DE TÍTULO
Título Asia & Spanish America
Resto del título Trans-Pacific Artistic & Cultural Exchange, 1500-1850 : Papers from the 2006 Mayer Center Symposium at the Denver Art Museum
Mención de responsabilidad, etc. edited by Donna Pierce and Ronald Otsuka.
260 ## - PUBLICACIÓN, DISTRIBUCIÓN, ETC.
Lugar de publicación, distribución, etc. Denver
Nombre del editor, distribuidor, etc. Denver Art Museum
Fecha de publicación, distribución, etc. 2009
300 ## - DESCRIPCIÓN FÍSICA
Extensión 200 p.
Otras características físicas il. a color
Dimensiones 28 cm.
440 #0 - MENCIÓN DE SERIE/PUNTO DE ACCESO ADICIONAL--TÍTULO
Título Symposium series
Nombre de parte o sección de la obra Mayer Center for Pre-Columbian & Spanish Colonial Art at the Denver Art Museum
Designación de volumen o secuencia 2006
9 (RLIN) 14741
500 ## - NOTA GENERAL
Nota general A publication of the Frederick and Jan Mayer Center for Pre-Columbian and Spanish Colonial Art at the Denver Art Museum
500 ## - NOTA GENERAL
Nota general Incluye piezas de la colección Franz Mayer: p. 21-23, 25-33, 83, 130, 179 y 183
504 ## - NOTA DE BIBLIOGRAFÍA, ETC.
Nota de bibliografía, etc. Incluye referencias bibliográficas
-- Congresos
700 1# - PUNTO DE ACCESO ADICIONAL--NOMBRE DE PERSONA
Nombre de persona Pierce, Donna
Fechas asociadas al nombre 1950-
9 (RLIN) 1488
700 1# - PUNTO DE ACCESO ADICIONAL--NOMBRE DE PERSONA
Nombre de persona Otsuka, Ronald
9 (RLIN) 14742
710 2# - PUNTO DE ACCESO ADICIONAL--NOMBRE DE ENTIDAD CORPORATIVA
Nombre de entidad corporativa o nombre de jurisdicción como elemento de entrada Denver Art Museum
9 (RLIN) 14691
942 ## - ELEMENTOS DE PUNTO DE ACCESO ADICIONAL (KOHA)
Fuente del sistema de clasificación o colocación Library of Congress Classification
Tipo de ítem Koha Libros
Holdings
Estado de retiro Estado de pérdida Estado dañado No para préstamo Localización permanente Ubicación/localización actual Fecha de adquisición Total de préstamos Signatura topográfica completa Código de barras Fecha visto por última vez Precio válido a partir de Tipo de ítem Koha
El ejemplar forma parte de la colección y puede ser consultado según las políticas vigentes.       Biblioteca del Museo Franz Mayer (Rogerio Casas-Alatriste) Biblioteca del Museo Franz Mayer (Rogerio Casas-Alatriste) 10/03/2011   .A85 2009 02519 22/03/2019 22/03/2019 Libros